000 00336nam a2200145Ia 4500
008 230718s9999 xx 000 0 und d
041 _aEng.
082 _a345.05
_bMAH-T
100 _aMahammad Shaukat
245 4 _aThe Code of Climand
260 _aPakistan
_bIrfan law house
_c2003
300 _a1181
650 _aLaw
999 _c28684
_d28684